000 00727nam a2200217 a 4500
001 55606
003 BD-RjUL
005 20211209080304.0
008 161120s1962 ii b 001 0 eng
035 _a(BD-RjUL)55729
040 _aDLC
_cCLobS
_dCLobS
_dTxU
_dDLC
_dBD-RjUL
_beng
041 _aeng
082 _223
_a954.0257
_bSAH 1962
100 1 _aSaksena, Banarsi Prasad.
_9165654
245 1 0 _aHistory of Shahjahan of Dihli /
_cBanarsi Prasad Saksena ; With a foreword by Wolseley Haig.
260 _aAllahabad :
_bCentral Book Depot,
_cc1962.
300 _axxx, 373 p. ;
_c22 cm.
504 _aIncludes index and bibliography
600 0 0 _aShahjahan,
_cEmperor of India,
_dapproximately 1592-1666.
_9165660
942 _2ddc
_cBK
999 _c55606
_d55606